000 00898nam a2200253Ia 4500
003 OSt
005 20220923224115.0
006 a|||||r|||| 00| 0
007 ta
008 220922b |||||||| |||| 00| 0 hin d
024 _a225,706
037 _cTextual
040 _aARTS
_cARTS
_bhin
041 _2hin
_ahin
082 _aO44(Y5927):g, P1
100 _aवाल्मीकि, ओमप्रकाश
245 0 _aदलित साहित्य का सौन्दर्यशास्त्र
246 _aDalit sāhitya kā saundaryashāstra
260 _aदिल्ली
_b राधाकृष्ण प्रकाशन
_c2001
300 _a120पृ.
_ccm.
650 _aहिन्दी साहित्य
_9156264
942 _hO44(Y5927):g, P1
_cTEXL
_2CC
999 _c369288
_d369288